[Event "FRA-ch op-D"]
[Site "Albi"]
[Date "2022.08.19"]
[Round "7"]
[White "Vigneau Zorraquino, Cioran"]
[Black "Rolland Piegue, Sacha"]
[Result "1/2-1/2"]
[WhiteElo "1468"]
[BlackElo "1515"]
[PlyCount "98"]
[EventDate "2022.08.13"]
[EventType "swiss"]
[EventRounds "9"]
[EventCountry "FRA"]
[SourceTitle "CBM 210 Extra"]
[Source "ChessBase"]
[SourceDate "2022.11.30"]
[SourceVersion "1"]
[SourceVersionDate "2022.11.30"]
[SourceQuality "1"]

1. e4 c6 2. d4 d5 3. Nc3 dxe4 4. Nxe4 Bf5 5. Ng3 Bg6 6. h4 h6 7. Nf3 Nd7 8. h5 Bh7 9. Bd3 Bxd3 10. Qxd3 Ngf6 11. Bd2 e6 12. 0-0-0 Bd6 13. Ne4 Nxe4 14. Qxe4 Nf6 15. Qe2 Qc7 16. Kb1 0-0-0 17. c4 Rhe8 18. Bc3 Kb8 19. Ne5 Bxe5 20. dxe5 Ng8 21. Rd6 f6 22. Rhd1 Ne7 23. Rxd8+ Rxd8 24. Rxd8+ Qxd8 25. exf6 gxf6 26. Bxf6 Qd7 27. g4 Kc8 28. f4 Ng8 29. Bc3 c5 30. b3 b6 31. Qd2 Qxd2 32. Bxd2 Nf6 33. f5 Nxg4 34. fxe6 a6 35. Bf4 Nf6 36. Bxh6 Nxh5 37. Kc2 Nf6 38. Bg5 Ne4 39. Bf4 Nf6 40. Kd3 Kd8 41. Bd6 Ne8 42. Bf8 Nc7 43. e7+ Ke8 44. Ke4 b5 45. Ke5 Kd7 46. e8Q+ Nxe8 47. Bxc5 Kc6 48. Be7 Nc7 49. Bd6 Ne8 1/2-1/2